000 00385pab a2200157 454500
008 180718b2012 xxu||||| |||| 00| 0 eng d
100 _aMehrotra, Santosh
245 _aNon-agricultural employment during 12th five year plan
260 _c2012
300 _ap.126-137.
362 _aJul
650 _aEmployment
773 _aJournal of Governance
908 _aN
909 _a98207
999 _c98206
_d98206